[Event "IRI-ch (Women)"]
[Site "Rasht"]
[Date "2019.11.16"]
[Round "11"]
[White "Mahdian, Anousha"]
[Black "Mobarhani, Nazanin"]
[Result "1-0"]
[WhiteElo "2187"]
[BlackElo "2017"]
[PlyCount "65"]
[EventDate "2019.11.09"]
[EventType "tourn"]
[EventRounds "11"]
[EventCountry "IRI"]
[SourceTitle "CBM 193 Extra"]
[Source "ChessBase"]
[SourceDate "2020.01.31"]
[SourceVersion "1"]
[SourceVersionDate "2020.01.31"]
[SourceQuality "1"]

1. Nf3 e6 2. c4 f5 3. d4 Nf6 4. g3 Be7 5. Bg2 d6 6. b3 0-0 7. Bb2 Ne4 8. Nbd2 Bf6 9. 0-0 Nc6 10. Nxe4 fxe4 11. Ne1 d5 12. Nc2 Ne7 13. f3 exf3 14. Bxf3 Nf5 15. Qd3 c6 16. e4 dxc4 17. Qxc4 Nd6 18. Qe2 Nf7 19. e5 Be7 20. Bg2 Bd7 21. Bc1 Qb6 22. Be3 Qa5 23. Qh5 Be8 24. Qg4 Bd7 25. Be4 Nh8 26. Bh6 Rxf1+ 27. Rxf1 g6 28. Qf3 Qd8 29. Ne3 Bg5 30. Bxg5 Qxg5 31. Ng4 Qe7 32. Qf6 Qg7 33. Qh4 1-0

[Event "IRI-ch (Women)"]
[Site "Rasht"]
[Date "2019.11.10"]
[Round "2"]
[White "Asgharzadeh, Mitra"]
[Black "Mobarhani, Nazanin"]
[Result "1-0"]
[WhiteElo "2193"]
[BlackElo "2017"]
[PlyCount "111"]
[EventDate "2019.11.09"]
[EventType "tourn"]
[EventRounds "11"]
[EventCountry "IRI"]
[SourceTitle "CBM 193 Extra"]
[Source "ChessBase"]
[SourceDate "2020.01.31"]
[SourceVersion "1"]
[SourceVersionDate "2020.01.31"]
[SourceQuality "1"]

1. Nf3 d5 2. g3 e6 3. Bg2 c5 4. 0-0 Nf6 5. d3 Be7 6. Nbd2 Nc6 7. e4 0-0 8. Re1 Qc7 9. e5 Nd7 10. Qe2 b5 11. Nf1 Bb7 12. h4 Rfc8 13. Bf4 Qd8 14. N1h2 a5 15. Ng5 h6 16. Ngf3 a4 17. Ng4 Qf8 18. Qd2 Nd4 19. c3 Nf5 20. Ngh2 b4 21. Bh3 Ra6 22. h5 Qd8 23. cxb4 cxb4 24. Bxf5 exf5 25. Nd4 Bf8 26. Nxf5 Nc5 27. Nd4 Ne6 28. Nxe6 Rxe6 29. d4 b3 30. axb3 axb3 31. Qd3 Qb6 32. Re3 Rc4 33. Nf3 Ba6 34. Qxb3 Rb4 35. Qxd5 Rxb2 36. Qe4 Rc6 37. Ree1 Rcc2 38. Be3 Bb7 39. d5 Bc5 40. e6 fxe6 41. Bxc5 Rxc5 42. Qxe6+ Qxe6 43. Rxe6 Bxd5 44. Re5 Rbc2 45. Ne1 R2c3 46. Rd1 Bc6 47. Rxc5 Rxc5 48. g4 Kf8 49. f3 Ke7 50. Kf2 Bb5 51. Kg3 Re5 52. Ng2 Be2 53. Re1 Kd6 54. Kf4 Re7 55. Nh4 Bd3 56. Rd1 1-0

[Event "Arak op (Women)"]
[Site "Arak"]
[Date "2017.08.17"]
[Round "8"]
[White "Alavi, Homa"]
[Black "Mobarhani, Nazanin"]
[Result "1/2-1/2"]
[WhiteElo "2002"]
[BlackElo "1871"]
[PlyCount "38"]
[EventDate "2017.08.12"]
[EventType "swiss"]
[EventRounds "9"]
[EventCountry "IRI"]
[SourceTitle "CBM 180 Extra"]
[Source "ChessBase"]
[SourceDate "2017.10.06"]
[SourceVersion "1"]
[SourceVersionDate "2017.10.06"]
[SourceQuality "1"]

1. d4 Nf6 2. c4 g6 3. Nc3 d5 4. cxd5 Nxd5 5. e4 Nxc3 6. bxc3 Bg7 7. Bc4 c5 8. Ne2 Nc6 9. Be3 0-0 10. 0-0 Bg4 11. f3 Na5 12. Bxf7+ Rxf7 13. fxg4 Rxf1+ 14. Kxf1 cxd4 15. cxd4 Qd7 16. h3 Nc4 17. Bf2 b5 18. Qd3 Rc8 19. Rb1 a6 1/2-1/2

[Event "Arak op (Women)"]
[Site "Arak"]
[Date "2017.08.16"]
[Round "7"]
[White "Mobarhani, Nazanin"]
[Black "Mahdian, Anousha"]
[Result "1/2-1/2"]
[WhiteElo "1871"]
[BlackElo "1907"]
[PlyCount "31"]
[EventDate "2017.08.12"]
[EventType "swiss"]
[EventRounds "9"]
[EventCountry "IRI"]
[SourceTitle "CBM 180 Extra"]
[Source "ChessBase"]
[SourceDate "2017.10.06"]
[SourceVersion "1"]
[SourceVersionDate "2017.10.06"]
[SourceQuality "1"]

1. e4 c5 2. Nf3 g6 3. c3 d5 4. exd5 Qxd5 5. d4 Bg7 6. Na3 cxd4 7. Bc4 Qe4+ 8. Be3 Nh6 9. Nb5 0-0 10. cxd4 Na6 11. Nc3 Qc6 12. Bb5 Qd6 13. Qd2 Nf5 14. 0-0 Nxe3 15. fxe3 e5 16. Bc4 1/2-1/2

[Event "Asia zt 3.1 (Women)"]
[Site "Tehran"]
[Date "2017.07.07"]
[Round "9"]
[White "Mobarhani, Nazanin"]
[Black "Mahdian, Anousha"]
[Result "1/2-1/2"]
[WhiteElo "1826"]
[BlackElo "1941"]
[PlyCount "71"]
[EventDate "2017.06.30"]
[EventType "swiss"]
[EventRounds "9"]
[EventCountry "IRI"]
[SourceTitle "CBM 179 Extra"]
[Source "ChessBase"]
[SourceDate "2017.08.23"]
[SourceVersion "1"]
[SourceVersionDate "2017.08.23"]
[SourceQuality "1"]

1. e4 c5 2. Nf3 g6 3. d4 cxd4 4. Nxd4 Bg7 5. Nc3 d6 6. Be3 Nf6 7. f3 0-0 8. Qd2 Nc6 9. Bc4 Bd7 10. 0-0-0 a6 11. h4 b5 12. Nxc6 Bxc6 13. Bd5 b4 14. Ne2 Bxd5 15. exd5 Qa5 16. Kb1 Rfc8 17. h5 Nxh5 18. g4 Nf6 19. Bh6 Bh8 20. Ng3 Qc7 21. Qh2 e6 22. Bg5 Kf8 23. Bh6+ Kg8 24. Bf4 e5 25. Bg5 Kf8 26. Rd2 a5 27. Bxf6 Bxf6 28. Ne4 Qe7 29. Qxh7 Ke8 30. Qh6 Kd7 31. Qe3 Kc7 32. g5 Bg7 33. Qd3 Qd7 34. Rh7 Rg8 35. Rdh2 Kb6 36. Qe3+ 1/2-1/2

[Event "Asia zt 3.1 (Women)"]
[Site "Tehran"]
[Date "2017.07.04"]
[Round "5"]
[White "Mobarhani, Nazanin"]
[Black "Alavi, Homa"]
[Result "1/2-1/2"]
[WhiteElo "1826"]
[BlackElo "1980"]
[PlyCount "53"]
[EventDate "2017.06.30"]
[EventType "swiss"]
[EventRounds "9"]
[EventCountry "IRI"]
[SourceTitle "CBM 179 Extra"]
[Source "ChessBase"]
[SourceDate "2017.08.23"]
[SourceVersion "1"]
[SourceVersionDate "2017.08.23"]
[SourceQuality "1"]

1. e4 e6 2. d4 d5 3. Nd2 c5 4. c3 Nc6 5. Ngf3 cxd4 6. cxd4 dxe4 7. Nxe4 Be7 8. Bd3 Nf6 9. 0-0 0-0 10. Be3 Nb4 11. Nxf6+ Bxf6 12. Be4 Nd5 13. Qd3 g6 14. Qb3 b6 15. Bh6 Re8 16. Ne5 Bb7 17. Qf3 Qe7 18. Rfe1 Rac8 19. Rad1 Bg7 20. Qh3 Nf6 21. Bxb7 Qxb7 22. Rd3 Nh5 23. Qe3 Nf6 24. Qh3 Nd5 25. Rf3 f6 26. Nd3 Bxh6 27. Qxh6 1/2-1/2

[Event "IRI-ch (Women)"]
[Site "Tehran"]
[Date "2016.01.20"]
[Round "7"]
[White "Mobarhani, Nazanin"]
[Black "Azali, Tannaz"]
[Result "1-0"]
[WhiteElo "1856"]
[BlackElo "1818"]
[PlyCount "83"]
[EventDate "2016.01.16"]
[EventType "swiss"]
[EventRounds "9"]
[EventCountry "IRI"]
[SourceTitle "CBM 170 Extra"]
[Source "ChessBase"]
[SourceDate "2016.02.25"]
[SourceVersion "1"]
[SourceVersionDate "2016.02.25"]
[SourceQuality "1"]

1. d4 Nf6 2. Nc3 e6 3. e4 Bb4 4. e5 Ne4 5. Qg4 Nxc3 6. Qxg7 Rf8 7. a3 Na2+ 8. axb4 Nxc1 9. Rxc1 Nc6 10. c3 Ne7 11. Nf3 h6 12. Qxh6 Nf5 13. Qh7 Ke7 14. Ng5 Qe8 15. Qh5 Rh8 16. Qf3 Qg8 17. Ne4 Qg6 18. g4 Nh4 19. Qf6+ Qxf6 20. exf6+ Ke8 21. Be2 b6 22. f3 Bb7 23. Kf2 a5 24. bxa5 bxa5 25. Ra1 d6 26. Bb5+ Kf8 27. Ra3 e5 28. dxe5 dxe5 29. Rd1 Kg8 30. Ng5 Rh6 31. Rxa5 Rb8 32. Kg3 Nxf3 33. Nxf3 Bxf3 34. Kxf3 Rxf6+ 35. Kg3 c6 36. Bc4 Rxb2 37. Rxe5 Rff2 38. h3 Rg2+ 39. Kh4 Rb7 40. Rg5+ Kf8 41. Rf5 Kg7 42. Rdf1 1-0

[Event "IRI-ch (Women)"]
[Site "Tehran"]
[Date "2016.01.17"]
[Round "3"]
[White "Mobarhani, Nazanin"]
[Black "Hamedi Nia, Vesal"]
[Result "0-1"]
[WhiteElo "1856"]
[BlackElo "1833"]
[PlyCount "66"]
[EventDate "2016.01.16"]
[EventType "swiss"]
[EventRounds "9"]
[EventCountry "IRI"]
[SourceTitle "CBM 170 Extra"]
[Source "ChessBase"]
[SourceDate "2016.02.25"]
[SourceVersion "1"]
[SourceVersionDate "2016.02.25"]
[SourceQuality "1"]

1. d4 d5 2. Nf3 Nf6 3. c4 c6 4. e3 Bg4 5. h3 Bh5 6. Qb3 Qc7 7. Ne5 e6 8. Nc3 Nbd7 9. cxd5 exd5 10. Nd3 Bd6 11. Bd2 Nb6 12. Nc5 Qe7 13. Rc1 0-0 14. N3a4 Nxa4 15. Qxa4 Bxc5 16. dxc5 Ne4 17. Qd4 Qg5 18. Bc3 f6 19. Rc2 Rae8 20. g4 Bg6 21. Re2 h5 22. Rg1 Re7 23. Kd1 hxg4 24. hxg4 Qe5 25. Qxe5 fxe5 26. Be1 Nxc5 27. Bb4 b6 28. Rd2 Ref7 29. Ke1 Ne4 30. Bxf8 Nxd2 31. Kxd2 Rxf2+ 32. Kc3 Kxf8 33. Ba6 c5 0-1

[Event "Qazvin op (Women) 18th"]
[Site "Qazvin"]
[Date "2015.08.20"]
[Round "10"]
[White "Mobarhani, Nazanin"]
[Black "Heydari, Zahra"]
[Result "1-0"]
[WhiteElo "1850"]
[BlackElo "1441"]
[PlyCount "91"]
[EventDate "2015.08.14"]
[EventType "swiss"]
[EventRounds "11"]
[EventCountry "IRI"]
[SourceTitle "EXT 2016"]
[Source "ChessBase"]
[SourceDate "2015.10.08"]
[SourceVersion "1"]
[SourceVersionDate "2015.10.08"]
[SourceQuality "1"]

1. Nf3 Nf6 2. c4 e6 3. Nc3 d5 4. d4 Be7 5. Bg5 Nbd7 6. cxd5 exd5 7. e3 0-0 8. Bd3 c6 9. Qc2 Re8 10. h3 Nf8 11. 0-0 Ne4 12. Bxe7 Qxe7 13. Rab1 Bf5 14. b4 Nxc3 15. Qxc3 Bxd3 16. Qxd3 a6 17. a4 Ng6 18. Rfc1 Rac8 19. Qb3 Qd7 20. Ne1 Nf8 21. Nd3 Ne6 22. b5 axb5 23. axb5 f6 24. bxc6 bxc6 25. Qa4 Re7 26. Qa6 Nd8 27. Nb4 Qb7 28. Qa2 Qd7 29. Qa4 Rc7 30. Qc2 Re6 31. Na6 Rc8 32. Nc5 Qd6 33. Nxe6 Nxe6 34. Rb6 Nd8 35. Qa4 Qc7 36. Ra6 Qd6 37. Ra8 Rc7 38. Rb1 Kf7 39. Ra7 Rxa7 40. Qxa7+ Kg6 41. Qb8 Qd7 42. Ra1 f5 43. Ra7 Qe8 44. Ra8 Qe4 45. Qxd8 Qb1+ 46. Kh2 1-0

[Event "IRI-ch (Women)"]
[Site "Tehran"]
[Date "2014.12.14"]
[Round "9"]
[White "Ansari, Fateme"]
[Black "Mobarhani, Nazanin"]
[Result "0-1"]
[WhiteElo "1747"]
[BlackElo "1864"]
[PlyCount "104"]
[EventDate "2014.12.07"]
[EventType "swiss"]
[EventRounds "11"]
[EventCountry "IRI"]
[SourceTitle "CBM 163 Extra"]
[Source "ChessBase"]
[SourceDate "2014.12.23"]
[SourceVersion "1"]
[SourceVersionDate "2014.12.23"]
[SourceQuality "1"]

1. e4 c6 2. d4 d5 3. e5 c5 4. dxc5 Nc6 5. Nf3 Bg4 6. Bf4 e6 7. Bd3 Bxc5 8. c3 Nge7 9. h3 Bxf3 10. Qxf3 Ng6 11. Bxg6 hxg6 12. Nd2 Qc7 13. Qg3 Rh5 14. Nf3 0-0-0 15. 0-0-0 Qa5 16. Kb1 Qb6 17. Rd2 a5 18. Ng5 Rd7 19. Rhd1 Rh8 20. Nf3 a4 21. Ka1 Na5 22. Rc2 Rhd8 23. Nd4 Rc7 24. Qd3 Kb8 25. Be3 Nc4 26. f4 Rdc8 27. Bg1 a3 28. bxa3 Bxa3 29. Rb1 Qa6 30. Nb5 Rd7 31. Rb3 Bc5 32. Bxc5 Rxc5 33. Nd6 Qc6 34. Rc1 Nxd6 35. exd6 Qxd6 36. Qd4 Rc4 37. Qxg7 Qxf4 38. Qf8+ Rc8 39. Qa3 Qc4 40. Rb4 Qc5 41. Qb3 d4 42. c4 d3 43. Rd1 Qd4+ 44. Kb1 e5 45. a4 e4 46. a5 Rc6 47. Qa4 Qc5 48. Ka2 d2 49. a6 Rxa6 50. Qxa6 Qxb4 51. Qf6 Qxc4+ 52. Ka3 Rd3+ 0-1

[Event "IRI-ch (Women)"]
[Site "Tehran"]
[Date "2014.12.12"]
[Round "8"]
[White "Mobarhani, Nazanin"]
[Black "Vagoohian, Ramila"]
[Result "0-1"]
[WhiteElo "1864"]
[BlackElo "1770"]
[PlyCount "70"]
[EventDate "2014.12.07"]
[EventType "swiss"]
[EventRounds "11"]
[EventCountry "IRI"]
[SourceTitle "CBM 163 Extra"]
[Source "ChessBase"]
[SourceDate "2014.12.23"]
[SourceVersion "1"]
[SourceVersionDate "2014.12.23"]
[SourceQuality "1"]

1. Nf3 d5 2. d4 e6 3. c4 c5 4. cxd5 exd5 5. Nc3 Nf6 6. Bg5 Be7 7. g3 Nc6 8. Bg2 0-0 9. 0-0 c4 10. Ne5 Be6 11. b3 Qa5 12. Nxc6 bxc6 13. Qd2 Bb4 14. Bxf6 gxf6 15. Rfc1 Kg7 16. h4 Rac8 17. bxc4 dxc4 18. a3 Be7 19. Qf4 Rfd8 20. e3 h5 21. Ne4 Rd5 22. g4 hxg4 23. Ng3 Bd6 24. Qe4 Bxg3 25. fxg3 Rdd8 26. Rd1 Qc7 27. Kf2 Rd5 28. Ke2 Qxg3 29. Rg1 Bf5 30. Qf4 Qxf4 31. exf4 Rxd4 32. Rac1 Re8+ 33. Kf2 Rd2+ 34. Kg3 Re3+ 35. Kh2 Rh3# 0-1

[Event "IRI-ch (Women)"]
[Site "Tehran"]
[Date "2014.12.09"]
[Round "4"]
[White "Mobarhani, Nazanin"]
[Black "Hamedi Nia, Vesal"]
[Result "1/2-1/2"]
[WhiteElo "1864"]
[BlackElo "1742"]
[PlyCount "87"]
[EventDate "2014.12.07"]
[EventType "swiss"]
[EventRounds "11"]
[EventCountry "IRI"]
[SourceTitle "CBM 163 Extra"]
[Source "ChessBase"]
[SourceDate "2014.12.23"]
[SourceVersion "1"]
[SourceVersionDate "2014.12.23"]
[SourceQuality "1"]

1. Nf3 e6 2. c4 Nf6 3. Nc3 d5 4. d4 c6 5. Bg5 Nbd7 6. cxd5 exd5 7. Qc2 Qa5 8. Nd2 Be7 9. e3 0-0 10. Bd3 h6 11. Bf4 Qd8 12. 0-0 Nh5 13. Be5 Nhf6 14. Bg3 Nh5 15. Rab1 Nxg3 16. hxg3 Nf6 17. b4 a6 18. a4 Bd7 19. Rfc1 Ng4 20. b5 axb5 21. axb5 Bd6 22. Nf3 f5 23. bxc6 bxc6 24. Na4 Rb8 25. Nc5 Bxc5 26. Qxc5 Qf6 27. Qa7 Rbd8 28. Rb7 Rf7 29. Rcb1 Qe6 30. Rb8 Bc8 31. Qa3 Rdf8 32. Ra8 Bd7 33. Rbb8 Re8 34. Rxe8+ Bxe8 35. Nh4 g6 36. Nxg6 Qxg6 37. Rxe8+ Kg7 38. Qa8 Nf6 39. Rc8 Qh5 40. Qxc6 Qd1+ 41. Bf1 Qh5 42. f3 Qg5 43. Kf2 Re7 44. Qc1 1/2-1/2

[Event "Arak op (Women) 15th"]
[Site "Arak"]
[Date "2012.07.17"]
[Round "7"]
[White "Tajik, Sareh"]
[Black "Mobarhani, Nazanin"]
[Result "1/2-1/2"]
[WhiteElo "1942"]
[BlackElo "1703"]
[PlyCount "45"]
[EventDate "2012.07.13"]
[EventType "swiss"]
[EventRounds "11"]
[EventCountry "IRI"]
[SourceTitle "CBM 149 Extra"]
[Source "ChessBase"]
[SourceDate "2012.08.24"]
[SourceVersion "1"]
[SourceVersionDate "2012.08.24"]
[SourceQuality "1"]

1. e4 c5 2. Nf3 Nc6 3. d4 cxd4 4. Nxd4 e5 5. Nb5 d6 6. N1c3 a6 7. Na3 Be7 8. Nc4 b5 9. Ne3 Nf6 10. Ned5 Be6 11. Be3 Bxd5 12. Nxd5 Rb8 13. Nxf6+ Bxf6 14. Qd2 0-0 15. Rd1 Be7 16. Be2 Kh8 17. 0-0 Qa5 18. Qxa5 Nxa5 19. b3 Rbc8 20. Rd2 Rc6 21. Bg4 Rd8 22. g3 b4 23. Rfd1 1/2-1/2